| 000 | 00000nam 2200000za 4500 |
| 001 | 9.848527 |
| 003 | CaOODSP |
| 005 | 20200401104032 |
| 007 | ta |
| 008 | 171208s2018 onc # f000 0 eng d |
| 020 | |a978-0-660-24183-8 |
| 040 | |aCaOODSP|beng |
| 043 | |an-cn--- |
| 086 | 1 |aIu4-225/2017E |
| 245 | 00|aInnovative Solutions Canada : |bchallenge meets opportunity. |
| 260 | |a[Ottawa] : |bGovernment of Canada, |c[2018] |
| 300 | |a[3] p. ; |c22 cm. |
| 500 | |aTitle from cover. |
| 500 | |aIssued also in French under title: Solutions innovatrices Canada : les défis deviennent possibilités. |
| 500 | |aIssued by: Innovation, Science and Economic Development Canada. |
| 520 | |a"Innovative Solutions Canada is a new program with over $100 million dedicated to supporting the scale up and growth of Canada’s innovators and entrepreneurs by having the federal government act as a first customer. Twenty participating federal departments and agencies will set aside a portion of funding to support the creation of innovative solutions by Canadian small businesses"--Provided by publisher. |
| 692 | 07|2gccst|aSmall businesses |
| 692 | 07|2gccst|aInnovation |
| 692 | 07|2gccst|aPublic funding |
| 710 | 1 |aCanada. |bInnovation, Science and Economic Development Canada. |
| 775 | 08|tSolutions innovatrices Canada : |w(CaOODSP)9.848530 |
| 776 | 0#|tInnovative Solutions Canada |w(CaOODSP)9.848525 |